| 000 | 00892nam a2200265Ia 4500 | ||
|---|---|---|---|
| 003 | GCL | ||
| 008 | 140319s9999 xx 000 0 ara d | ||
| 020 | _a0169099906 | ||
| 040 |
_aGCL / _cGCL |
||
| 082 | 0 | 4 |
_aد _b050 _bن ف |
| 100 | 1 | _aنادية حجازى | |
| 245 | 1 | 0 |
_aالفجوة الرقمية : _bرؤية عربية لمجتمع المعرفة / _cنادية حجازى |
| 700 | 1 | _aنبيل على | |
| 250 | _aالاولى | ||
| 260 |
_aالكويت : _bالمجلس الوطنى للثقافة والفنون والاداب ، _c2005 |
||
| 300 |
_a469ص ؛ _c19سم |
||
| 490 |
_aعالم المعرفة _v318 |
||
| 650 | 0 | 4 | _aالفجوة الرقمية |
| 650 | 0 | 4 | _aفجوة الاتصالات |
| 650 | 0 | 4 | _aفجوة العقل |
| 650 | 0 | 4 | _aفجوة العلم |
| 650 | 0 | 4 | _aفجوة اللغة |
| 650 | 0 | 4 | _aالفجوة الاقتصادية |
| 942 |
_2ddc _cBK |
||
| 999 |
_c7768 _d7768 |
||